00332nam a22001337a 4500003000400000008004100004020001800045082001500063100001400078245004300092250001200135260004300147300000800190OSt240120b |||||||| |||| 00| 0 eng d a9788172235031 a646.7bGRM aGRAY,John aMen are from Mars Women are from Venus a84th Ed aLondonbHarper Collins Publisherc2023 a307